000 01166aab a2200205 i 4500
001 768714001
003 CO-MdFUSB
005 20240422091033.0
008 240418t1987 ag ||||| |||| 00| 0 spa d
040 _bspa
_cCO-MdFUSB
041 _aspa
100 1 _aDeiros, Pablo A. (Alberto) (1945-)
_eautor
245 _aCristianos buenos en un mundo malo
_c/ Pablo A. Deiros
300 _aVolumen 6, número 1, (marzo, 1987), páginas: 21 - 23
_c; 27 cm
520 _a¿Cómo vivir la fe cristiana en un mundo adverso o indiferente a ella? ¿De qué manera el señorío de Cristo puede encontrar una respuesta obediente de parte de personas que sufren las tensiones de vivir en un mundo malo? ¿Es posible ser fiel a Jesucristo y seguir en contacto con la realidad pecaminosa que nos circunda? Estas son preguntas que han atormentado las mentes y los corazones de muchos, especialmente en tiempos de crisis y conflictos graves.
650 7 _aHistoria
_xAspectos religiosos
_xCristianismo
_97036
650 7 _aCristianismo y cultura
_96959
773 0 _tIglesia y Misión
_049402
_959679
_gVolumen 6, número 1, (marzo, 1987), páginas: 21 - 23
_qpágina: 21
942 _cANA
999 _c51687
_d51687